Pelagic nutrient cycles: herbivores as sources and sinks

Պահպանված է:
Մատենագիտական մանրամասներ
Հիմնական հեղինակ: Andersen, Tom (Հեղինակ)
Ձևաչափ: Գիրք
Լեզու:անգլերեն
Հրապարակվել է: Berlín Springer 1997
Շարք:Ecological Studies, 129
Խորագրեր:
Ցուցիչներ: Ավելացրեք ցուցիչ
Չկան պիտակներ, Եղեք առաջինը, ով նշում է այս գրառումը!

MARC

LEADER 00000nam a2200000 a 4500
001 UCN0815
003 CL-VaPUC
008 010330e19970000GW |||||||||||||||||eng|d
082 0 4 |a 577.716  |b AND  |2 21 
100 0 |a Andersen, Tom  |e author  |9 456055 
245 1 0 |a Pelagic nutrient cycles: herbivores as sources and sinks 
300 |a 280 p 
942 |c BK 
945 |d 20010330 00:00:00  |a vberengu 
260 |a Berlín  |b Springer  |c 1997 
650 7 |a CADENAS ALIMENTICIAS  |2 CL-VaPUC  |9 261812 
650 7 |a RELACIONES ECOLOGICAS  |2 CL-VaPUC  |9 456056 
650 7 |a NUTRIENTES  |2 CL-VaPUC  |9 345765 
583 |a last modification  |c 20180416 05:07:43  |k Rodrigo Vera 
490 0 |a Ecological Studies, 129 
999 |c 294439  |d 294437 
952 |0 0  |1 0  |2 ddc  |4 0  |6 577_716000000000000_AND_1997  |7 0  |8 CCM  |9 346865  |a BIBCUR  |b BIBCUR  |c PAC  |d 2019-11-20  |i 3708659  |o 577.716 AND 1997  |p 3708659  |r 2025-04-22  |w 2019-11-20  |y BK  |k RNT